Statistics for Country Flags: Zoomed In Quiz

Click here to take the quiz!

General Stats

  • This quiz has been taken 59 times
  • The average score is 13 of 15

Answer Stats

Answer% Correct
Brazil
96%
South Korea
96%
Spain
95%
Cyprus
93%
Iran
91%
Saudi Arabia
91%
India
91%
Kenya
89%
Vietnam
88%
Albania
88%
Sri Lanka
86%
Uruguay
84%
Afghanistan
75%
Panama
46%
Thailand
45%

Score Distribution

Percentile by Number Answered

Percent of People with Each Score

Your Score History

You have not taken this quiz